| 000 | 00536nam a2200193Ia 4500 | ||
|---|---|---|---|
| 003 | OSt | ||
| 005 | 20200131095755.0 | ||
| 008 | 190216s9999||||xx |||||||||||||| ||und|| | ||
| 020 | _a9798172044762 | ||
| 040 | _coclc | ||
| 082 |
_a954 _bPUN/C |
||
| 100 | 1 |
_aPuniyani, Ram _925 |
|
| 245 | 0 |
_aVargeeya Rashtreeyam Mythum Yadharthyavum / _cRam Puniyani |
|
| 250 | _aVol - 1 | ||
| 260 |
_bI P H Kozhikode, _c2009. _aKozhikode: |
||
| 300 | _a147p | ||
| 650 | _aPolitics | ||
| 942 |
_cBK _2ddc _h954 _iPUN/C _k954 _mPUN/C |
||
| 999 |
_c35071 _d35071 |
||